<?xml version="1.0" encoding="UTF-8"?>
<marc:record xmlns:marc="http://www.loc.gov/MARC21/slim">
   <marc:leader>00000nam a2200000 a 4500</marc:leader>
   <marc:datafield ind1="1" ind2=" " tag="100">
      <marc:subfield code="a">Pizzuti, Riccardo</marc:subfield>
   </marc:datafield>
   <marc:datafield ind1="1" ind2=" " tag="100">
      <marc:subfield code="a">Hill, Terence</marc:subfield>
   </marc:datafield>
   <marc:datafield ind1="1" ind2=" " tag="100">
      <marc:subfield code="a">Spencer, Bud</marc:subfield>
   </marc:datafield>
   <marc:datafield ind1="1" ind2=" " tag="100">
      <marc:subfield code="a">Pold, Karl Martin</marc:subfield>
   </marc:datafield>
   <marc:datafield ind1="0" ind2="0" tag="245">
      <marc:subfield code="a">Sie nannten ihn Spencer [Bildtonträger]</marc:subfield>
   </marc:datafield>
   <marc:datafield ind1="0" ind2="0" tag="245">
      <marc:subfield code="b">ein Blonder und ein Blinder auf der suche nach Bud Spencer</marc:subfield>
   </marc:datafield>
   <marc:datafield ind1="0" ind2="0" tag="245">
      <marc:subfield code="c">Drehbuch und Regie: Karl Martin Pold. Darsteller:  Bud Spencer, Ternece Hill, Riccardo Pizzuti</marc:subfield>
   </marc:datafield>
   <marc:datafield ind1=" " ind2="1" tag="264">
      <marc:subfield code="a">München</marc:subfield>
      <marc:subfield code="b">Trikont</marc:subfield>
      <marc:subfield code="c">2017</marc:subfield>
   </marc:datafield>
   <marc:datafield ind1="1" ind2=" " tag="520">
      <marc:subfield code="a">Carlo Pedersoli war der Überzeugung, jeden Beruf ausgeübt zu haben außer Jockey und Balletttänzer. Er war Schriftsteller, elffacher italienischer Schwimmchampion, zweifacher Olympiateilnehmer, Wasserballeuropameister, Rechtswissenschaftler, Sänger, Komponist, Pilot, Flugunternehmer, Modedesigner, Fabrikant, Drehbuchautor, Produzent und nicht zuletzt Erfinder einer Art Einwegzahnbürste. Und er beherrschte sechs Sprachen! Seinen Weltruhm jedoch verdankt Carlo Pedersoli knallharten Backpfeifen und schlagfertigen Sprüchen &#x96; als Schauspieler unter dem Pseudonym »Bud Spencer«. An der Seite von Terence Hill wurde ein Bösewicht nach dem Anderen zur Schnecke gemacht, niemand ließ die Fäuste so fliegen wie Bud Spencer. Ihre Westernkomödien avancierten zu Kulthits und begeisterten ein Millionenpublikum. Zwei seiner Fans wollten nicht nur Anekdoten sammeln, sie machen sich auf die Reise zu ihrem ewigen Idol.</marc:subfield>
   </marc:datafield>
   <marc:datafield ind1=" " ind2=" " tag="020">
      <marc:subfield code="a">4015698012682</marc:subfield>
      <marc:subfield code="9">4015698012682</marc:subfield>
   </marc:datafield>
   <marc:datafield ind1=" " ind2=" " tag="500">
      <marc:subfield code="a">Deutsch</marc:subfield>
   </marc:datafield>
   <marc:datafield ind1="0" ind2=" " tag="490">
      <marc:subfield code="v">0</marc:subfield>
   </marc:datafield>
   <marc:datafield ind1=" " ind2=" " tag="300">
      <marc:subfield code="a">1 DVD (123 Min., Ländercode 2): farbig</marc:subfield>
   </marc:datafield>
</marc:record>
